000 01607nam a2200265Ia 4500
003 OSt
005 20220930094748.0
006 a|||||r|||| 00| 0
007 ta
008 220926b |||||||| |||| 00| 0 hin d
024 _a10770
037 _cTheses
040 _aCRL
_cCRL
_bhin
041 _2hin
_ahin
100 _aशर्मा, दीपक, ले.
110 _aदिल्ली विश्वविद्यालय. कला संकाय. हिन्दी विभाग
245 0 _aटेलीविजन माध्यम की हिन्दी समाचार प्रस्तुतियों का दृश्य एवं भाषिक अध्ययन
_b डी. डी. न्यूज, आजतक, इंडिया टीवी, स्टार न्यूज, एनडीटीवी इंडिया, आईबीएन 7, की प्राइम टाइम प्रस्तुतियों के आधर पर
246 _aṬelīvijan mādhyam kī hindī samāchār prastutiyoan kā dṛushya evan bhāṣhik adhyayana: ḍī. Ḍī. Nyūja, ājataka, ianḍiyā ṭīvī, sṭār nyūja, enaḍīṭīvī ianḍiyā, āībīen 7, kī prāim ṭāim prastutiyoan ke ādhar para
260 _c2013
300 _a351पृ0
_ap.
_ccm.
650 _aहिन्दी साहित्य
700 _aदिल्ली विश्वविद्यालय. कला संकाय. हिन्दी विभाग
942 _cDIS
_2CC
999 _c887635
_d887635